| 000 | 00803nam a2200253I 4500 | ||
|---|---|---|---|
| 001 | 5216 | ||
| 003 | BD-RjUL | ||
| 005 | 20211208234030.0 | ||
| 008 | 131224t19591946nju b 001 0 eng | ||
| 035 | _a(BD-RjUL)5252 | ||
| 040 |
_aDLC _cWSU _dNRC _dBD-RjUL _beng |
||
| 041 | _aeng | ||
| 082 | 0 | 4 |
_223 _a350 _bELE 1959 |
| 245 | 0 | 0 |
_aElements of Public Administration / _cJames W. Fesler...[et. al.] ; edited by Fritz Morstein Marx |
| 250 | _a2nd ed. | ||
| 260 |
_aEnglewood Cliffs, N.J. : _bPrentice-Hall, _c1959. |
||
| 300 |
_a572 p. ; _c24 cm. |
||
| 504 | _aIncludes bibliographical reference and index. | ||
| 650 | 0 |
_aPublic Administration. _916408 |
|
| 700 |
_aFesle, James W. ... [et. al.] _9233930 |
||
| 700 |
_aMarx, Fritz Morstein, ed. _9233931 |
||
| 942 |
_2ddc _cBK |
||
| 999 |
_c5216 _d5216 |
||